[Event "Prague op-A 14th"]
[Site "Prague"]
[Date "2015.01.09"]
[Round "1"]
[White "Valaker, Ole Johan"]
[Black "Sova, Ondrej"]
[Result "1-0"]
[WhiteElo "2194"]
[BlackElo "1906"]
[PlyCount "67"]
[EventDate "2015.01.09"]
[EventType "swiss"]
[EventRounds "9"]
[EventCountry "CZE"]
[SourceTitle "CBM 164 Extra"]
[Source "ChessBase"]
[SourceDate "2015.03.02"]
[SourceVersion "1"]
[SourceVersionDate "2015.03.02"]
[SourceQuality "1"]

1. d4 d5 2. Bf4 Nf6 3. e3 e6 4. Nf3 c5 5. Nc3 Bd7 6. Be2 Be7 7. h3 a6 8. Ne5 Nc6 9. 0-0 0-0 10. Bf3 Rc8 11. Ne2 b5 12. g4 cxd4 13. exd4 Na5 14. Ng3 Bc6 15. Qe2 Bb7 16. Rfd1 Nc4 17. Nd3 Nd7 18. c3 Bg5 19. Bxg5 Qxg5 20. Bg2 Rfe8 21. f4 Qe7 22. Re1 Qf8 23. g5 a5 24. a3 Ba6 25. b4 Nd6 26. Nc5 Nxc5 27. dxc5 Nc4 28. Qf2 Bb7 29. Kh2 Bc6 30. Nh5 Rb8 31. Re2 Re7 32. Qh4 f6 33. gxf6 gxf6 34. Nxf6+ 1-0

[Event "Jirasek Memorial op 25th"]
[Site "Rakovnik"]
[Date "2013.08.13"]
[Round "5"]
[White "Koper, Stefan"]
[Black "Sova, Ondrej"]
[Result "1-0"]
[WhiteElo "1992"]
[BlackElo "1925"]
[PlyCount "55"]
[EventDate "2013.08.10"]
[EventType "swiss"]
[EventRounds "9"]
[EventCountry "CZE"]
[SourceTitle "EXT 2014"]
[Source "ChessBase"]
[SourceDate "2013.11.20"]
[SourceVersion "1"]
[SourceVersionDate "2013.11.20"]
[SourceQuality "1"]

1. d4 d5 2. c4 e6 3. Nf3 Nf6 4. cxd5 exd5 5. Nc3 c6 6. Bg5 Be7 7. e3 0-0 8. Bd3 Nbd7 9. 0-0 Re8 10. b4 Bxb4 11. Bxh7+ Kxh7 12. Qb1+ Kg8 13. Qxb4 Qb6 14. Qa3 Ne4 15. Nxe4 dxe4 16. Nd2 Qb5 17. Bh4 Nb6 18. h3 Nc4 19. Nxc4 Qxc4 20. Rfc1 Qe2 21. Qb3 Re6 22. Bg3 b6 23. d5 Rg6 24. Rxc6 Rxc6 25. dxc6 Be6 26. Qa3 g5 27. c7 f5 28. Qe7 1-0

[Event "Jirasek Memorial op 25th"]
[Site "Rakovnik"]
[Date "2013.08.12"]
[Round "4"]
[White "Sova, Ondrej"]
[Black "Horyna, Josef"]
[Result "1-0"]
[WhiteElo "1925"]
[BlackElo "1871"]
[PlyCount "67"]
[EventDate "2013.08.10"]
[EventType "swiss"]
[EventRounds "9"]
[EventCountry "CZE"]
[SourceTitle "EXT 2014"]
[Source "ChessBase"]
[SourceDate "2013.11.20"]
[SourceVersion "1"]
[SourceVersionDate "2013.11.20"]
[SourceQuality "1"]

1. e4 e6 2. Qe2 b6 3. g3 Ba6 4. d3 Bb4+ 5. Bd2 Bxd2+ 6. Nxd2 Qe7 7. Bg2 Nc6 8. Ngf3 0-0-0 9. a3 h6 10. b4 d5 11. Rb1 Bb7 12. exd5 exd5 13. Qxe7 Ngxe7 14. 0-0 Ng6 15. Rbe1 Rhe8 16. Nb3 a6 17. Nbd4 Nxd4 18. Nxd4 Kb8 19. Nf5 Rxe1 20. Rxe1 Rg8 21. h4 Bc8 22. Nd4 Bb7 23. h5 Nh8 24. Nf5 f6 25. Nxg7 Rxg7 26. Re8+ Ka7 27. Rxh8 d4 28. Rxh6 Bxg2 29. Kxg2 f5 30. Kh3 f4 31. Rg6 Rf7 32. h6 fxg3 33. fxg3 Rf1 34. Kg4 1-0